000 00378nam a22001577a 4500
003 OSt
005 20231219071130.0
008 220829b xxu||||| |||| 00| 0 eng d
020 _a8180545873
040 _cIIMT UNIVERSITY
100 _aSONI,P.L.
245 _aTEXT BOOK OF ORGANIC CHEMISTRY
260 _aNEW DELHI
_bSULTAN CHAND
_c2022
300 _aA-174
942 _2ddc
_c01
999 _c55524
_d55524